True stories from the great ghost hunter
| Main Author: | |
|---|---|
| Format: | Book |
| Published: |
London :
Foulsham ,
19--?
|
| Subjects: |
MARC
| LEADER | 00000cam a2200000 7i4500 | ||
|---|---|---|---|
| 001 | 0000003797 | ||
| 002 | 000004094 | ||
| 005 | 20000330.0 | ||
| 020 | |a 0572016131 | ||
| 090 | 0 | 0 | |a JF |b ODO |
| 100 | 1 | |a O'Donnell, Elliot | |
| 245 | 1 | 0 | |a True stories from the great ghost hunter |c ElliotO'Donnell |
| 260 | |a London : |b Foulsham , |c 19--? | ||
| 300 | |a 191p. ; |c 21cm. | ||
| 650 | 0 | 0 | |a Ghost stories |
| 999 | |a 032343 |b BUKU |c PINJAMAN |e PERPUSTAKAAN KOMUNITI PETALING JAYA | ||
| 999 | |a 032344 |b BUKU |c PINJAMAN |e PERPUSTAKAAN KOMUNITI PETALING JAYA | ||